Statistics for Top 10 longest borders by 2 countries

Click here to take the quiz!

General Stats

  • This quiz has been taken 36 times
  • The average score is 5 of 10

Answer Stats

Border LengthAnswer% Correct
5,300kmArgentina-Chile
75%
6,846kmKazakhstan-Russia
75%
4,677kmChina-Mongolia
71%
3,645kmChina-Russia
71%
8,893kmCanada-United States
68%
3,141kmMexico-United States
46%
3,543kmMongolia-Russia
43%
4,053kmBangladesh-India
29%
3,380kmChina-India
25%
3,400kmBolivia-Brazil
14%

Score Distribution

Percentile by Number Answered

Percent of People with Each Score

Your Score History

You have not taken this quiz